00704nam a2200193Ia 4500003000900000008004100009040001600050080001500066100002800081245015700109260004100266300001500307650002000322650001600342700002100358942000700379999001100386952011300397IN-BaIIA211028s9999 xx 000 0 eng d cIIA Library a910.4bTHO aThomson, Wyville C.913 0aReport on the scientific results of the voyage of H M S Challenger the year 1873 - 76bvol. 2, physics and chemistrycWyville C. Thomson and John Murray aLondonbH.M. Stationery Officec1889 axvi, 263p. aExpeditions914 aVoyages915 aMurray, John916 cBK c52d52 00104070aBANbKODcGENd0000-00-00g39.37l0o910.4/ THOp4r2021-11-05v39.37w0000-00-00yBKGRs. 39.37